Statistiche per Aeroporti italiani con più passeggeri

Clicka qui per fare il quiz!

Statistiche generali

  • Questo quiz è stato fatto 1.562 volte
    (1.395 dall'ultimo reset)
  • Il punteggio medio è 15 su 20

Statistiche sulle risposte

#PasseggeriAeroporto% Corretto
141,0Roma - Fiumicino
94%
134,2Torino - Caselle
92%
222,2Milano - Malpensa
91%
105,8Palermo - Punta Raisi
90%
78,6Napoli - Capodichino
89%
410,3Venezia - Tessera
88%
124,7Bari - Palese
87%
88,2Bologna - Borgo Panigale
86%
182,7Firenze - Peretola
86%
59,5Milano - Linate
85%
312,3Bergamo - Orio al Serio
84%
69,1Catania - Fontanarossa
79%
144,2Cagliari - Elmas
79%
153,1Verona - Villafranca
69%
115,2Pisa - San Giusto
64%
95,9Roma - Ciampino
61%
192,5Lamezia Terme - Sant'Eufemia
49%
202,3Brindisi - Casale
42%
172,8Olbia Costa Smeralda
40%
163,0Treviso - Sant'Angelo
35%

Distribuzione punteggi

Percentile per numero di risposta

Percentuale di utenti per punteggio

I tuoi punteggi nel tempo

Non hai fatto questo quiz dall'ultimo reset